000 00669nam a2200253Ia 4500
003 OSt
005 20220928123936.0
006 a|||||r|||| 00| 0
007 ta
008 220927b |||||||| |||| 00| 0 eng d
024 _a69517
037 _cTextual
040 _aSDCL
_cSDCL
_beng
041 _2eng
_aeng
082 _aE9G,982:f3, P4
100 _aBisswanger Hans
_9462458
245 0 _aPractical enzymology.
260 _aWeinheim
_bWiley-VCH
_c2004
300 _axv,255p
_ccm.
650 _a Enzymes-experiments
_9462459
650 _aEnzymology
942 _hE9G,982:f3, P4
_cTEXL
_2CC
999 _c775441
_d775441